Statistics for All Country Flags of the World

Click here to take the quiz!

General Stats

  • This quiz has been taken 802,612 times
  • The average score is 92 of 196

Answer Stats

Answer% Correct
United States
99%
United Kingdom
98%
Canada
97%
Australia
96%
France
93%
Italy
92%
New Zealand
91%
Russia
89%
Ireland
89%
Japan
88%
Brazil
87%
South Korea
86%
Sweden
84%
China
84%
Greece
83%
Netherlands
83%
Finland
81%
Norway
81%
Israel
81%
Germany
80%
Switzerland
79%
Spain
78%
Turkey
77%
Denmark
76%
South Africa
76%
India
76%
Jamaica
75%
Mexico
75%
Belgium
74%
Iceland
74%
Argentina
72%
Poland
71%
Cyprus
70%
Saudi Arabia
70%
Nepal
68%
Vietnam
67%
Albania
67%
Georgia
67%
Bangladesh
64%
Ivory Coast
64%
Lebanon
63%
Bulgaria
63%
Pakistan
63%
Kenya
62%
Austria
62%
Vatican City
62%
Hungary
61%
Egypt
60%
Uruguay
60%
Croatia
60%
North Korea
60%
Iran
58%
Portugal
57%
North Macedonia
57%
Malaysia
57%
Iraq
56%
Malta
55%
Kosovo
55%
Bhutan
55%
Chile
54%
Algeria
54%
Czech Republic
54%
Slovakia
54%
Venezuela
53%
Indonesia
52%
Tunisia
52%
Panama
52%
Cuba
51%
Romania
50%
Estonia
50%
Serbia
50%
Bosnia & Herzegovina
50%
Barbados
49%
Slovenia
49%
Syria
49%
Dominican Republic
48%
Cameroon
48%
San Marino
48%
Singapore
48%
Thailand
47%
Cambodia
47%
Kazakhstan
47%
Nigeria
46%
Colombia
46%
Monaco
46%
Philippines
46%
Peru
45%
Ukraine
45%
Sri Lanka
45%
Luxembourg
44%
Morocco
44%
Qatar
43%
Azerbaijan
43%
Taiwan
42%
Papua New Guinea
42%
Belarus
41%
United Arab Emirates
41%
Eswatini
40%
Honduras
40%
Liberia
40%
Madagascar
40%
Angola
40%
Seychelles
40%
Palau
40%
Afghanistan
40%
Niger
39%
Trinidad & Tobago
39%
D.R. Congo
39%
Uzbekistan
39%
Latvia
39%
Tonga
38%
Ecuador
38%
Turkmenistan
37%
Bahrain
37%
Somalia
37%
Liechtenstein
37%
Kuwait
37%
Jordan
37%
Libya
36%
Yemen
36%
Myanmar
36%
Laos
36%
Costa Rica
35%
Brunei
35%
Oman
35%
Uganda
35%
Paraguay
34%
Fiji
34%
Burkina Faso
34%
Lithuania
33%
Ghana
33%
Armenia
33%
Chad
33%
Gabon
33%
Antigua and Barbuda
33%
Montenegro
33%
Mongolia
33%
Bahamas
33%
Maldives
33%
Andorra
33%
Ethiopia
32%
Tanzania
32%
Moldova
32%
Zimbabwe
32%
Kiribati
31%
Botswana
31%
Mozambique
31%
Malawi
31%
Mauritania
31%
Haiti
31%
Senegal
31%
El Salvador
30%
Nicaragua
30%
South Sudan
30%
Comoros
30%
Marshall Islands
29%
Tajikistan
29%
Belize
29%
Kyrgyzstan
28%
Sudan
28%
F.S. of Micronesia
28%
Burundi
27%
Samoa
27%
East Timor
27%
Nauru
27%
Eritrea
27%
Cape Verde
26%
Rwanda
26%
Guyana
26%
Togo
26%
Rep. of the Congo
25%
Dominica
25%
Guatemala
25%
St. Lucia
25%
Djibouti
25%
Namibia
25%
Mali
24%
Zambia
24%
Lesotho
24%
Central African Republic
24%
Vanuatu
23%
St. Kitts & Nevis
23%
Grenada
23%
Suriname
23%
Sierra Leone
23%
St. Vincent and the Grenadines
22%
Benin
22%
Tuvalu
22%
Guinea
21%
Sao Tome & Principe
21%
Mauritius
21%
Equatorial Guinea
21%
Bolivia
19%
Solomon Islands
18%
Guinea-Bissau
18%
Gambia
18%

Score Distribution

Percentile by Number Answered

Percent of People with Each Score

Your Score History

You have not taken this quiz